10 Worst NBA Teams - Statistics

General Stats
  • This quiz has been taken 23 times
  • The average score is 6 of 10
Answer Stats
Conference Record
(Approx.)
Team % Correct
West 6-20 Kings
85%
East 8-18 Hornets
75%
West 5-22 Pelicans
75%
East 4-20 Wizards
75%
East 10-15 Bulls
70%
West 10-15 Jazz
65%
East 7-18 Nets
65%
West 10-17 Mavericks
50%
East 6-20 Pacers
45%
West 10-16 Trailblazers
35%
No matching quizzes found
Score Distribution
Percent of People with Each Score
Percentile by Number Answered
Your Score History
You have not taken this quiz